000 00307nam a22001457a 4500
020 _a81-8482-318-5
082 _a823
_bFER/T
100 _aFERNANDES
245 _aTANTRI THE MANTRI
260 _bTINKLE
300 _a72
520 _aENGLISH SHORT STORIES
650 _aENGLISH SHORT STORIES
942 _cBK
999 _c5116
_d5116